CFD modelovanie prebublávaného miešaného reaktora

Enregistré dans:
Détails bibliographiques
Auteur principal: Grolmusová, Júlia (Auteur)
Autres auteurs: Stopka, Ján (Directeur de thèse)
Format: Manuscrit Livre
Langue:slovaque
Publié: 2019
Sujets:
Accès en ligne:http://is.stuba.sk/zp/portal_zp.pl?podrobnosti=143170
Tags: Ajouter un tag
Pas de tags, Soyez le premier à ajouter un tag!

MARC

LEADER 00000ntm a22000003a 4500
001 stuzp74866
003 SK-STU
005 20190601211803.4
007 ta
008 150427s2015----xo-----f-mn---000-0-slo-d
040 |a STU  |b slo 
041 0 |a slo 
100 1 |a Grolmusová, Júlia  |u 046230  |k Z4  |4 aut  |U FCHPT Ústav chemického a environmentálneho inžinierstva  |T FCHPT Oddelenie chemického a biochemického inžinierstva  |X 76788  |U C6230  |Y 119  |7 76788 
242 0 1 |a CFD modelling of gas-liquid stirred bioreactor  |y eng 
245 1 0 |a CFD modelovanie prebublávaného miešaného reaktora 
260 |c 2019 
650 4 |a dynamika tekutín  |2 slo 
650 4 |a CFD modelovanie  |2 slo 
650 4 |a turbulentné prúdenie  |2 slo 
650 4 |a dvojfázový systém  |2 slo 
650 4 |a CFD modeling  |2 eng 
650 4 |a turbulent flow  |2 eng 
650 4 |a fluid dynamics  |2 eng 
650 4 |a two-phase system  |2 eng 
700 1 |a Stopka, Ján  |u 046230  |k Z1  |4 ths  |U FCHPT Ústav chemického a environmentálneho inžinierstva  |T FCHPT Oddelenie chemického a biochemického inžinierstva  |X 3326  |U C6230  |Y 119  |7 A000003326 
856 4 |u http://is.stuba.sk/zp/portal_zp.pl?podrobnosti=143170